000
00310nam a22001217a 4500
008
180302b xxu||||| |||| 00| 0 eng d
041
_a
eng
080
_a
941
100
_a
16
101
_a
HIS
245
_a
History of the Conquest of Mexico & History of the Conquest of Peru
_c
Prescott, W.H
942
_2
udc
_c
BK
999
_c
43987
_d
43987